| 000 | 00693nam a2200265Ia 4500 | ||
|---|---|---|---|
| 003 | 0100 | ||
| 008 | 130227s9999 xx 000 0 und d | ||
| 020 | _a9781557868954 | ||
| 040 | _cARRUPELIB | ||
| 050 | _aH59.F28F36 1996 | ||
| 100 | _aGordon, Lewis Ricardo (ed) | ||
| 245 | _aFanon | ||
| 245 | _bA Critical reader | ||
| 260 | _aOxford | ||
| 260 | _bBlackwell Publishers | ||
| 260 | _C1996 | ||
| 300 | _axxi | ||
| 300 | _b 344p 23cm | ||
| 440 | _aBlackwell critical readers | ||
| 650 | _bArt, Modern - 20th century - History | ||
| 650 | _cArt - Philosophy | ||
| 650 | _dArt & society | ||
| 700 | _aSharpley-Whiting, T. Duncan (ed); White, Renee T. (ed) | ||
| 942 |
_2lcc _01 |
||
| 999 |
_c4174 _d4174 |
||